Statistics for Lyrics from the Aladdin song One Jump Ahead

Click here to take the quiz!

General Stats

  • This quiz has been taken 15 times
    (10 since last reset)
  • The average score is 158 of 229

Answer Stats

Answer% Correct
a
100%
ahead
100%
got
100%
Gotta
100%
gotta
100%
I
100%
jump!
100%
jump
100%
on
100%
one
100%
One
100%
all
90%
do
90%
he
90%
of
90%
rat!
90%
steal
90%
the
90%
think
90%
to
90%
afford...
80%
be
80%
can
80%
can't
80%
don't
80%
eat,
80%
eat
80%
guys.
80%
guys
80%
he's
80%
He's
80%
it
80%
live,
80%
no
80%
only
80%
rather
80%
Still
80%
tasty.
80%
that!
80%
that's
80%
That's
80%
These
80%
what
80%
when
80%
and
70%
broke.
70%
everything.
70%
him
70%
I'm
70%
i'm
70%
is
70%
Just
70%
little
70%
my
70%
snack
70%
Stop
70%
Take
70%
take
70%
time.
70%
time,
70%
you
70%
about
60%
along.
60%
back
60%
get
60%
hasty.
60%
hit
60%
I'll
60%
Let's
60%
not
60%
open
60%
otherwise
60%
Rip
60%
Street
60%
tell
60%
thief!
60%
too
60%
Vandal!
60%
vandal!
60%
we'd
60%
Abu.
50%
Abu!
50%
Aladdin's
50%
appreciate
50%
block.
50%
bottom.
50%
friend
50%
hint,
50%
in
50%
in,
50%
it's
50%
joke.
50%
keep
50%
Oh,
50%
Scoundr
50%
stroll
50%
sword.
50%
around
40%
become
40%
breadline.
40%
doom.
40%
face
40%
facts.
40%
gonna
40%
hop
40%
me
40%
Next
40%
parents,
40%
sad,
40%
Scandal!
40%
skip
40%
swing
40%
You're
40%
blame
30%
but
30%
crime.
30%
de
30%
em.
30%
except
30%
flock.
30%
hand
30%
hasn't
30%
Here
30%
hitmen.
30%
I'd
30%
lawmen.
30%
one-man
30%
Riffraff!
30%
rise
30%
Scoundrel!
30%
They're
30%
use
30%
Who?
30%
Wrong!
30%
better
20%
faster.
20%
goes,
20%
happy
20%
hoofbeats.
20%
hump.
20%
landing,
20%
much
20%
nom
20%
plume.
20%
quick
20%
slowpokes.
20%
throw
20%
wish
20%
trick
10%
distaster.
0%

Score Distribution

Percentile by Number Answered

Percent of People with Each Score

Your Score History

You have not taken this quiz since the last reset